00876 2200229 4500001002100000005001700021008004100038035002500079040001200104082001500116084002000131100001800151245018000169260006200349300003100411500011200442504002900554650002300583700001000606850001200616990001800628INLIS00000000000862220150803212355.0  a0010-081500000000060 aYOPDYOG 223a297.28 aSK 297.28 Efa P aEFA Nusantari aPandangan sarjana UIN Sunan Kalijaga terhadap nilai pendidikan Islam dadlam tradisi mitonib: Studi kasus di Desa Gadingsari Kecamatan Sanden Kabupaten Bantulc/ Efa Nusantari aYogyakartabUniversitas Islam Negeri Sunan Kalijagac2005 axiv, 72 lembarc; 29,5 cm. aSkripsi Jurusan Pendidikan Agama Islam Fakultas Tarbiyah Universitas Islam Negeri Sunan Kalijaga Yogyakarta aBibliografi : hlm. 71-72 aIslam -- Asimilasi aUSMAN aYOPDYOG a47032-PD/A.15